Statistics for Arizona Diamondbacks: All-Star Selections

Click here to take the quiz!

General Stats

  • This quiz has been taken 195 times
    (110 since last reset)
  • The average score is 11 of 27

Answer Stats

PositionAmount of SelectionsPlayer% Correct
P5Randy Johnson
97%
LF5Luis Gonzalez
89%
1B6Paul Goldschmidt
87%
P2Curt Schilling
80%
2B1Ketel Marte
65%
P3Zack Greinke
59%
P3Brandon Webb
58%
OF2Justin Upton
51%
C1Miguel Montero
49%
CF1Steve Finley
48%
3B1Matt Williams
42%
P2Patrick Corbin
38%
3B1Jake Lamb
32%
SS1Jay Bell
32%
CF1A.J. Pollock
31%
CF1Chris Young
31%
P1Byung-Hyun Kim
30%
C1Damian Miller
30%
P1Robbie Ray
30%
P1Joe Mantiply
24%
P1José Valverde
18%
3B1Eduardo Escobar
17%
CF1Devon White
15%
2B1Orlando Hudson
15%
P2Dan Haren
14%
P1Wade Miley
11%
2B1Junior Spivey
7%

Score Distribution

Percentile by Number Answered

Percent of People with Each Score

Your Score History

You have not taken this quiz since the last reset